000 00358nam a2200133Ia 4500
008 240624s9999 xx 000 0 und d
041 _aeng
082 _a658.0072 LEE
100 _aLEE NICK
245 _aDOING BUSINESS RESEARCH A GUIDE TO THEOR
260 _c2008
_aNew Delhi
_bSage Publications
300 _axxiii, : 423 : p. : cm. ; 24
365 _cRS
_b30
999 _c14888
_d14888